000 00399nam a2200157 i 4500
001 bg
100 1 _aGAGUA, M. B.
245 0 _aNekotorye voprosy pribiżennogo resenija granicnych zadac /
_cM. B. Gagua.
260 _aTbilisi :
_bIzdat. "Mecniereba",
_c1971.
300 _as. 132.
040 _cBPK
041 _apol
080 _a51
942 _cKS
008 s pl f |000 0 pol
999 _c25519
_d25519
856 _uhttp://koha.tu.koszalin.pl/cgi-bin/koha/opac-detail.pl?biblionumber=25519
_yKatalog online BPK